[Event "46th Rilton Cup 2016-17"]
[Site "Stockholm SWE"]
[Date "2017.01.04"]
[Round "8.37"]
[White "Stefansson, Vignir Vatnar"]
[Black "Pranav, Anand"]
[Result "1-0"]
[WhiteTitle "FM"]
[WhiteElo "2404"]
[BlackElo "2230"]
[WhiteFideId "2308649"]
[BlackFideId "46626786"]
[EventDate "2016.12.27"]

1. d4 Nf6 2. Bf4 e6 3. Nf3 c5 4. c3 d5 5. e3 Nc6 6. Bd3 Bd6 7. Bg3 O-O 8. Nbd2
b6 9. e4 dxe4 10. Nxe4 Nxe4 11. Bxe4 Bb7 12. dxc5 Bxc5 13. Qa4 Qc8 14. Bxh7+
Kxh7 15. Qh4+ Kg8 16. Ng5 Re8 17. Qh7+ Kf8 18. Qh8+ Ke7 19. Qxg7 Nd8 20. O-O-O
Bd5 21. Ne4 Nb7 22. Nf6 Rg8 23. Nxd5+ exd5 24. Rhe1+ Kd7 25. Qxf7+ Kc6 26. Qxd5+
Kb5 27. b4 Rd8 28. Qb3 Bd4 29. a4+ 1-0

[Event "46th Rilton Cup 2016-17"]
[Site "Stockholm SWE"]
[Date "2017.01.04"]
[Round "8.38"]
[White "Glimbrant, Torbjorn"]
[Black "Santarius, Erik F"]
[Result "1/2-1/2"]
[WhiteElo "2228"]
[BlackElo "2312"]
[WhiteFideId "1700995"]
[BlackFideId "2025817"]
[EventDate "2016.12.27"]

1. d4 d5 2. c4 e6 3. Nf3 Nf6 4. Nc3 Be7 5. Bg5 h6 6. Bh4 O-O 7. e3 Ne4 8. Bxe7
Qxe7 9. Rc1 Nxc3 10. Rxc3 c6 11. Bd3 Nd7 12. O-O e5 13. dxe5 dxc4 14. Bxc4 Nxe5
15. Nxe5 Qxe5 16. f4 Qf6 17. Qb3 Bf5 18. Bd3 Bxd3 19. Rxd3 b6 20. Qc3 Qxc3 21.
Rxc3 Rfe8 22. Rd1 c5 23. Kf2 Re7 24. Rd6 Rae8 25. b3 f6 26. Rcd3 Kf7 27. Kf3 Rc8
28. Rd7 b5 29. Ke2 Ke8 30. Rxe7+ Kxe7 31. Rd5 Rc6 32. h4 Ra6 33. Rd2 Rc6 34. Rd5
Ra6 35. Rd2 Rc6 36. Rd5 1/2-1/2

[Event "46th Rilton Cup 2016-17"]
[Site "Stockholm SWE"]
[Date "2017.01.04"]
[Round "8.39"]
[White "Bergstrom, Rolf"]
[Black "Narva, Mai"]
[Result "1/2-1/2"]
[WhiteTitle "FM"]
[BlackTitle "WIM"]
[WhiteElo "2290"]
[BlackElo "2218"]
[WhiteFideId "1702386"]
[BlackFideId "4500512"]
[EventDate "2016.12.27"]

1. e4 c5 2. Nf3 d6 3. Bb5+ Bd7 4. Bxd7+ Qxd7 5. O-O Nc6 6. Qe2 Nf6 7. Rd1 e6 8.
d4 cxd4 9. Nxd4 Be7 10. c4 O-O 11. Nc3 Rac8 12. b3 a6 13. Bb2 Qc7 14. Nxc6 Qxc6
15. a4 Qb6 16. Qc2 Rfd8 17. Ba3 Nd7 18. Rab1 Ne5 19. h3 Bf6 20. Qd2 Nc6 21. Ne2
Be5 22. Kf1 Bf6 23. Bxd6 Bd4 24. Bg3 Bc5 25. Qc2 Nd4 26. Nxd4 Bxd4 27. Rd3 Qc5
28. Qd2 e5 29. a5 h6 30. f3 Rf8 31. Rc1 1/2-1/2

[Event "46th Rilton Cup 2016-17"]
[Site "Stockholm SWE"]
[Date "2017.01.04"]
[Round "8.41"]
[White "Sadhwani, Raunak"]
[Black "Carlsson, Ludvig"]
[Result "1-0"]
[WhiteTitle "CM"]
[WhiteElo "2246"]
[BlackElo "2073"]
[WhiteFideId "35093487"]
[BlackFideId "1727010"]
[EventDate "2016.12.27"]

1. e4 g6 2. d4 Bg7 3. Nf3 d6 4. Bc4 Nf6 5. Qe2 O-O 6. e5 dxe5 7. dxe5 Nd5 8. h3
Be6 9. Ng5 Nc6 10. f4 Nd4 11. Nxe6 fxe6 12. Qe4 Nf5 13. Qd3 g5 14. Bxd5 Qxd5 15.
Qxd5 exd5 16. Rf1 gxf4 17. Bxf4 Nd4 18. Na3 Nc6 19. Nb5 Rac8 20. e6 a6 21. Nc3
Nd4 22. O-O-O c6 23. Bg5 Rxf1 24. Rxf1 Rf8 25. Re1 Bf6 26. Bh6 Rd8 27. Na4 Nf5
28. Bf4 Bd4 29. g4 Ng7 30. Bg5 Rd6 31. Rd1 Nxe6 32. Bxe7 Rd7 33. Bb4 b5 34. Re1
Nf4 35. Nc5 Ra7 36. Nb3 Bb6 37. Re8+ Kg7 38. Rc8 Rc7 39. Ra8 Ra7 40. Bc3+ Kf7
41. Rc8 Nxh3 42. Rxc6 Be3+ 43. Kb1 d4 44. Bxd4 Bxd4 45. Nxd4 Nf2 46. g5 Ne4 47.
Nf3 Kg7 48. a3 Rf7 49. Nd4 Nxg5 50. Rxa6 h5 51. Ne6+ Nxe6 52. Rxe6 Rf5 53. Ka2
h4 54. Re3 Kf6 55. b4 Rh5 56. Rh3 Ke5 57. Kb3 Kd5 58. a4 bxa4+ 59. Kxa4 Kc6 60.
c4 Kb6 61. Kb3 Kc6 62. Kc3 Rh6 63. Kd4 Rh5 64. Ke4 Kb6 65. Kf4 Rh8 66. Kg4 Rg8+
67. Kxh4 Rc8 68. Rc3 Rg8 69. Rg3 Rc8 70. Rg4 Rc6 71. Kg5 Re6 72. Kf5 Re8 73. Re4
Rc8 74. Ke5 Rc7 75. Kd4 Rh7 76. Re6+ Kc7 77. b5 Rg7 78. Kc5 Rg5+ 79. Kb4 Rg7 80.
c5 Kb7 81. Ka5 Rh7 82. Rb6+ Ka8 83. c6 Rg7 84. Ra6+ Kb8 85. Kb6 Rb7+ 86. Kc5 Rh7
87. Ra1 Rg7 88. Rf1 Rg5+ 89. Kb6 Rg8 90. Rf7 Re8 91. Rb7+ Kc8 92. Ra7 1-0

[Event "46th Rilton Cup 2016-17"]
[Site "Stockholm SWE"]
[Date "2017.01.04"]
[Round "8.42"]
[White "Wiander, Michael"]
[Black "Emmoth, Alfons"]
[Result "0-1"]
[WhiteTitle "CM"]
[WhiteElo "2246"]
[BlackElo "2041"]
[WhiteFideId "1702580"]
[BlackFideId "1718266"]
[EventDate "2016.12.27"]

1. e4 e6 2. Nf3 d5 3. e5 c5 4. b4 cxb4 5. d4 Nc6 6. a3 bxa3 7. c3 Bd7 8. Bd3 h6
9. h4 Nge7 10. Nxa3 Nc8 11. h5 Na5 12. Nh4 Nb6 13. Rb1 Qc8 14. O-O Nac4 15. Nb5
Qc6 16. Qf3 a6 17. Nd6+ Nxd6 18. exd6 Bxd6 19. Qg4 Bf8 20. Nf3 f6 21. Qg6+ Kd8
22. Re1 Nc4 23. Qg3 b5 24. Nh4 Be8 25. Qg4 f5 26. Qe2 Bf7 27. Qf3 Be7 28. Nxf5
exf5 29. Bxc4 Qxc4 30. Qxf5 Bf6 31. Ba3 Qc6 32. c4 dxc4 33. d5 Qd7 34. Qf4 Re8
35. Bc5 Kc8 36. d6 Rxe1+ 37. Rxe1 Bd5 38. Rd1 Bc6 39. Be3 Bg5 0-1

[Event "46th Rilton Cup 2016-17"]
[Site "Stockholm SWE"]
[Date "2017.01.04"]
[Round "8.43"]
[White "Grueso Cordoba, Santiago"]
[Black "Rydstrom, Tom"]
[Result "0-1"]
[BlackTitle "FM"]
[WhiteElo "2171"]
[BlackElo "2239"]
[WhiteFideId "1723529"]
[BlackFideId "1714830"]
[EventDate "2016.12.27"]

1. e4 c5 2. Nf3 e6 3. Nc3 a6 4. Be2 b5 5. O-O Bb7 6. d4 cxd4 7. Nxd4 b4 8. Na4
Nf6 9. f3 d5 10. e5 Nfd7 11. f4 Nc6 12. Be3 Nxd4 13. Bxd4 Bc6 14. b3 Bxa4 15.
bxa4 g6 16. a3 bxa3 17. c4 dxc4 18. Bxc4 Be7 19. Qe2 Nb6 20. Rfd1 Nxc4 21. Qxc4
Qc8 22. Qa2 O-O 23. a5 Rd8 24. Rac1 Qxc1 25. Rxc1 Rxd4 26. h3 Rb8 27. Rc7 Rd1+
28. Kh2 Rb2 29. Qc4 a2 30. Rc8+ Bd8 31. Qa4 a1=Q 32. Rxd8+ Rxd8 33. Qxa1 Rdd2
34. Kg3 Rxg2+ 35. Kh4 Rbf2 36. Qc1 Rxf4+ 0-1

[Event "46th Rilton Cup 2016-17"]
[Site "Stockholm SWE"]
[Date "2017.01.04"]
[Round "8.44"]
[White "Furhoff, Johan"]
[Black "Svorono, Gabriel"]
[Result "1-0"]
[WhiteTitle "IM"]
[WhiteElo "2311"]
[BlackElo "2094"]
[WhiteFideId "1701797"]
[BlackFideId "1715623"]
[EventDate "2016.12.27"]

1. e4 c5 2. Nc3 e6 3. Nge2 Nc6 4. d4 cxd4 5. Nxd4 Qc7 6. f4 a6 7. Nxc6 Qxc6 8.
Bd3 b5 9. Qe2 Bb7 10. a3 Bc5 11. Be3 Bxe3 12. Qxe3 Nf6 13. O-O-O O-O-O 14. Qa7
d5 15. a4 bxa4 16. exd5 Nxd5 17. Nxd5 Rxd5 18. Be2 Rhd8 19. Rxd5 Rxd5 20. Bf3
Qc5 21. Qxc5+ Rxc5 22. Rf1 Bxf3 23. Rxf3 Kc7 24. Kd2 Kc6 25. Kd3 Rh5 26. h3 Rb5
27. Kc3 Rc5+ 28. Kd3 Kd5 29. Re3 f6 30. c3 e5 31. fxe5 fxe5 32. Re1 Rc6 33. Re4
Rg6 34. g4 Rh6 35. c4+ Kd6 36. Re3 Rf6 37. Kc3 Rf2 38. Rd3+ Kc6 39. Re3 Kd6 40.
Rd3+ Kc6 41. Rd5 Rf3+ 42. Kb4 Rb3+ 43. Kxa4 Rxb2 44. Rxe5 Rc2 45. Kb4 Rb2+ 46.
Kc3 Rh2 47. Rh5 h6 48. Kd4 Re2 49. Ra5 Kb6 50. Ra3 Rd2+ 51. Ke5 Rc2 52. Kd5 a5
53. Rb3+ Kc7 54. Kc5 Re2 55. Kb5 h5 56. Rf3 hxg4 57. hxg4 Re7 58. Rf4 a4 59.
Kxa4 Kc6 60. Kb4 Rb7+ 61. Kc3 Rd7 62. Rd4 Rf7 63. Kd3 Ra7 64. Re4 Rd7+ 65. Ke3
Rf7 66. Kd4 Kd6 67. c5+ Kc6 68. Re6+ Kd7 69. Rg6 Kc7 70. Kd5 Rd7+ 71. Rd6 Re7
72. Rc6+ Kd7 73. Ra6 Ke8 74. Ra8+ Kf7 75. c6 1-0

[Event "46th Rilton Cup 2016-17"]
[Site "Stockholm SWE"]
[Date "2017.01.04"]
[Round "8.45"]
[White "Crevatin, Leo"]
[Black "Ask, Josef"]
[Result "1/2-1/2"]
[WhiteElo "1973"]
[BlackElo "2201"]
[WhiteFideId "1726307"]
[BlackFideId "1704583"]
[EventDate "2016.12.27"]

1. d4 Nf6 2. Nf3 g6 3. Bf4 Bg7 4. e3 d6 5. h3 O-O 6. Be2 Ne4 7. Nbd2 Nxd2 8.
Qxd2 Nd7 9. Rd1 Qe8 10. Bh2 e5 11. dxe5 dxe5 12. O-O Qe7 13. c3 f5 14. Bc4+ Kh8
15. Qc2 e4 16. Nd4 Ne5 17. Bxe5 Qxe5 18. Qb3 f4 19. exf4 Qxf4 20. Be6 c5 21. Ne2
Qc7 22. Bxc8 Raxc8 23. Qd5 Rce8 24. Qd6 Qc8 25. Qd7 Qb8 26. Qd6 Qc8 27. Qd7 Qb8
28. Qd6 Qc8 29. Qd7 1/2-1/2

[Event "46th Rilton Cup 2016-17"]
[Site "Stockholm SWE"]
[Date "2017.01.04"]
[Round "8.46"]
[White "Lahlum, Hans Olav"]
[Black "Vrtiakova, Anna"]
[Result "1-0"]
[BlackTitle "WFM"]
[WhiteElo "2145"]
[BlackElo "2010"]
[WhiteFideId "1501348"]
[BlackFideId "14927870"]
[EventDate "2016.12.27"]

1. d4 d5 2. c4 e6 3. Nc3 Nf6 4. cxd5 exd5 5. Bg5 Be7 6. e3 O-O 7. Bd3 Nbd7 8.
Nf3 b6 9. Qc2 Bb7 10. O-O h6 11. Bh4 c5 12. Be2 a6 13. dxc5 bxc5 14. Rfd1 Rc8
15. Ne1 Qb6 16. Bf3 Ne5 17. Bxd5 Nxd5 18. Nxd5 Bxd5 19. Bxe7 Rfe8 20. Rxd5 Rxe7
21. Qc3 Ng6 22. Rad1 c4 23. Nf3 Rb7 24. R1d2 Qe6 25. R5d4 Rcb8 26. h3 Rc8 27.
Rc2 Rd7 28. b3 Rxd4 29. Nxd4 Qe4 30. Nf3 Qd5 31. bxc4 Qd1+ 32. Kh2 Qd6+ 33. g3
Rc5 34. Qd4 Qc7 35. Nd2 Rf5 36. f4 Rh5 37. g4 Ra5 38. c5 Ra3 39. Nb3 a5 40. Qd6
Qc8 41. c6 h5 42. c7 1-0

[Event "46th Rilton Cup 2016-17"]
[Site "Stockholm SWE"]
[Date "2017.01.04"]
[Round "8.47"]
[White "Hallman, Valo"]
[Black "Sorensen, Hampus"]
[Result "1/2-1/2"]
[WhiteElo "2098"]
[BlackElo "2040"]
[WhiteFideId "508098"]
[BlackFideId "8703884"]
[EventDate "2016.12.27"]

1. c4 e5 2. Nc3 Nf6 3. g3 d5 4. cxd5 Nxd5 5. Bg2 Nb6 6. Nf3 Nc6 7. O-O Be7 8. d3
O-O 9. a3 a5 10. Be3 Be6 11. Ne4 Nd7 12. Rc1 f6 13. Qc2 Ra6 14. Rfd1 Qc8 15. d4
exd4 16. Nxd4 Nxd4 17. Bxd4 c6 18. Rd2 f5 19. Nc5 Nxc5 20. Bxc5 Qc7 21. Rcd1
Raa8 22. Qc3 Rfd8 23. Qe3 Kf7 24. Bb6 Rxd2 25. Rxd2 Qb8 26. Qc3 Bf6 27. Qc2 Ra6
28. Bc5 Ra8 29. e4 fxe4 30. Bd6 Qe8 31. Bxe4 g6 32. h4 Bf5 33. Bxf5 gxf5 34. Kh2
Qe6 35. Bc7 a4 36. Rd6 Qe4 37. Rd7+ Kg6 38. Qd2 h6 39. Bb6 f4 40. Bd4 fxg3+ 41.
fxg3 Rd8 42. Bxf6 Rxd7 43. Qxd7 1/2-1/2

[Event "46th Rilton Cup 2016-17"]
[Site "Stockholm SWE"]
[Date "2017.01.04"]
[Round "8.48"]
[White "Cramling Bellon, Anna"]
[Black "Petersson, Baldur Teodor"]
[Result "1/2-1/2"]
[WhiteElo "1970"]
[BlackElo "2074"]
[WhiteFideId "32009232"]
[BlackFideId "2309157"]
[EventDate "2016.12.27"]

1. d4 Nf6 2. Nf3 g6 3. Bf4 Bg7 4. e3 O-O 5. Be2 d6 6. h3 c5 7. c3 b6 8. O-O Bb7
9. Nbd2 Nfd7 10. Bh2 e5 11. Nc4 e4 12. Nfd2 d5 13. Nd6 Ba6 14. Bxa6 Nxa6 15. Qa4
Nc7 16. Nb7 Qc8 17. Nd6 Qd8 18. Nb7 Qc8 19. Nd6 Qd8 1/2-1/2

[Event "46th Rilton Cup 2016-17"]
[Site "Stockholm SWE"]
[Date "2017.01.05"]
[Round "9.1"]
[White "Volkov, Sergey"]
[Black "Sasikiran, Krishnan"]
[Result "1/2-1/2"]
[WhiteTitle "GM"]
[BlackTitle "GM"]
[WhiteElo "2624"]
[BlackElo "2661"]
[WhiteFideId "4122763"]
[BlackFideId "5004985"]
[EventDate "2016.12.27"]

1. d4 Nf6 2. c4 g6 3. Nc3 d5 4. Nf3 Bg7 5. Qb3 dxc4 6. Qxc4 O-O 7. e4 Na6 8. Be2
c5 9. d5 e6 10. O-O exd5 11. exd5 Re8 12. Rd1 Bd7 13. a3 Rb8 14. Qh4 Ne4 15.
Qxd8 Rbxd8 16. Nxe4 Rxe4 17. Bd3 Ree8 18. Rb1 b5 19. b3 Nc7 20. Bg5 f6 21. Be3
Nxd5 22. Bxg6 hxg6 23. Rxd5 Bf5 24. Rxd8 Rxd8 25. Rc1 Bf8 26. h3 c4 27. bxc4
Bxa3 28. Ra1 b4 29. Bxa7 Bb2 30. Ra5 Bc3 31. Rb5 Bc2 32. Bc5 b3 33. Bb4 Ba1 34.
Ba3 Bc3 35. Bb4 Ba1 36. Ba3 Ra8 37. Bc1 Ra2 38. Be3 Be5 39. Bd4 Bxd4 1/2-1/2

[Event "46th Rilton Cup 2016-17"]
[Site "Stockholm SWE"]
[Date "2017.01.05"]
[Round "9.3"]
[White "Swapnil, S. Dhopade"]
[Black "Urkedal, Frode"]
[Result "1/2-1/2"]
[WhiteTitle "GM"]
[BlackTitle "GM"]
[WhiteElo "2526"]
[BlackElo "2557"]
[WhiteFideId "5019184"]
[BlackFideId "1506102"]
[EventDate "2016.12.27"]

1. d4 Nf6 2. Bg5 d5 3. e3 c5 4. Bxf6 gxf6 5. c4 cxd4 6. exd4 Nc6 7. Nc3 dxc4 8.
d5 Ne5 9. Bxc4 Nxc4 10. Qa4+ Bd7 11. Qxc4 Rg8 12. g3 Qa5 13. Ne2 b5 14. Qd3 Rd8
15. O-O b4 16. Ne4 Qb6 17. Rfe1 f5 18. Nd2 Bg7 19. Nc4 Bb5 20. Rad1 Bxb2 21. Qb3
Bxc4 22. Qxc4 Bf6 23. Qc2 Rg5 24. h4 Rg6 25. Kg2 Bxh4 26. Nf4 Rg8 27. Qxf5 Qf6
28. Qxh7 Rh8 29. Qe4 Bg5 30. Nd3 a5 31. Ne5 Kf8 32. f4 Bh6 33. Nc6 Rd7 34. Nxa5
Rg8 35. Rf1 Qa6 36. Nc6 Qxa2+ 37. Rf2 Qb3 38. Rd3 Qb1 39. Nxb4 Bg7 40. Nc6 Rh8
41. Rf1 Qc2+ 42. Rf2 Qb1 43. Rf1 Qc2+ 44. Rf2 1/2-1/2

[Event "46th Rilton Cup 2016-17"]
[Site "Stockholm SWE"]
[Date "2017.01.05"]
[Round "9.4"]
[White "Kulaots, Kaido"]
[Black "Pavlovic, Milos"]
[Result "1/2-1/2"]
[WhiteTitle "GM"]
[BlackTitle "GM"]
[WhiteElo "2556"]
[BlackElo "2500"]
[WhiteFideId "4500261"]
[BlackFideId "900389"]
[EventDate "2016.12.27"]

1. e4 e6 2. d4 d5 3. Nd2 c5 4. Ngf3 Nc6 5. exd5 exd5 6. dxc5 Bxc5 7. Bd3 Nf6 8.
O-O O-O 9. Nb3 Bb6 10. Re1 Bg4 11. h3 Bh5 12. Be3 Re8 13. Bxb6 Qxb6 14. g4 Bg6
15. Bxg6 hxg6 16. Qd2 a5 17. a4 Rad8 18. Re2 Re4 19. Kg2 Rxe2 20. Qxe2 d4 21.
Rd1 Rd5 22. Qc4 Qd8 23. Nc5 Qc8 24. Nd3 Rd8 25. Kf1 Re8 26. Re1 Rxe1+ 27. Nfxe1
Qe8 28. Nf3 Qe4 29. Ng5 Qe7 30. Qc5 Qe8 31. Qc4 Qe7 32. Nf3 Qe4 33. Nde5 Nd5 34.
Qe2 Ne3+ 35. fxe3 Nxe5 36. Nxe5 Qxe5 37. exd4 Qxd4 38. b3 Kf8 39. Kg2 b6 40. Kf3
Qc5 41. Qd3 f5 42. gxf5 gxf5 43. Kf4 g6 44. Qd7 Qe7 45. Qc6 Kg7 46. Qxb6 Qe4+
47. Kg3 Qxc2 48. Qa7+ Kh6 49. Qe3+ g5 50. Qe6+ Kg7 51. Qe7+ Kg6 52. Qe6+ Kg7 53.
Qe7+ 1/2-1/2

[Event "46th Rilton Cup 2016-17"]
[Site "Stockholm SWE"]
[Date "2017.01.05"]
[Round "9.5"]
[White "Wallace, John Paul"]
[Black "Sokolov, Ivan"]
[Result "0-1"]
[WhiteTitle "IM"]
[BlackTitle "GM"]
[WhiteElo "2387"]
[BlackElo "2632"]
[WhiteFideId "3200957"]
[BlackFideId "14400030"]
[EventDate "2016.12.27"]

1. Nf3 d5 2. g3 c6 3. Bg2 Bg4 4. c4 dxc4 5. Na3 g6 6. Nxc4 Bg7 7. Qb3 Qc8 8. Ng5
Nh6 9. h3 Bd7 10. d3 O-O 11. e4 c5 12. Be3 b5 13. Nd2 a5 14. Rc1 Na6 15. a3 Ra7
16. d4 a4 17. Qa2 b4 18. axb4 Nxb4 19. Qb1 Bb5 20. Nc4 cxd4 21. Bd2 Rc7 22. Bxb4
Bxc4 23. Nf3 Qb7 24. Bd2 Rfc8 25. Bf1 d3 26. Rxc4 Rxc4 27. Bxd3 R4c7 28. O-O Qb3
29. Bf4 Rd7 30. Be2 Qxb2 31. Qxb2 Bxb2 32. Bb5 Ra7 33. Be3 Raa8 34. Bxh6 a3 35.
Nd2 a2 36. Nb3 Rcb8 37. Bc4 Ra4 38. Bd5 e6 0-1

[Event "46th Rilton Cup 2016-17"]
[Site "Stockholm SWE"]
[Date "2017.01.05"]
[Round "9.6"]
[White "Antipov, Mikhail Al."]
[Black "Ivanov, Sergey"]
[Result "1-0"]
[WhiteTitle "GM"]
[BlackTitle "GM"]
[WhiteElo "2580"]
[BlackElo "2545"]
[WhiteFideId "4107012"]
[BlackFideId "4101375"]
[EventDate "2016.12.27"]

1. e4 e6 2. d3 c5 3. f4 d5 4. Be2 Nf6 5. e5 Nfd7 6. Nf3 Nc6 7. c3 b5 8. a3 Qb6
9. O-O a5 10. Be3 Ba6 11. Nbd2 Be7 12. Qe1 d4 13. cxd4 cxd4 14. Bf2 O-O 15. Nb3
b4 16. Nbxd4 Nxd4 17. Nxd4 Nc5 18. Qd2 Rfd8 19. axb4 axb4 20. f5 exf5 21. Nxf5
Bf8 22. Rac1 Rac8 23. Qf4 Qe6 24. Bxc5 Rxc5 25. Rxc5 Bxc5+ 26. d4 Bxe2 27. dxc5
g6 28. Nh6+ Kg7 29. Nxf7 Rf8 30. Qh6+ Kg8 31. Qxf8+ Kxf8 32. Ng5+ Bxf1 33. Nxe6+
Ke7 34. Kxf1 Kxe6 35. c6 1-0

[Event "46th Rilton Cup 2016-17"]
[Site "Stockholm SWE"]
[Date "2017.01.05"]
[Round "9.7"]
[White "Hauge, Lars Oskar"]
[Black "Goganov, Aleksey"]
[Result "0-1"]
[WhiteTitle "IM"]
[BlackTitle "GM"]
[WhiteElo "2431"]
[BlackElo "2637"]
[WhiteFideId "1509276"]
[BlackFideId "24109959"]
[EventDate "2016.12.27"]

1. d4 d5 2. c4 e6 3. Nf3 Nf6 4. g3 Bb4+ 5. Bd2 Be7 6. Bg2 O-O 7. O-O c6 8. Nc3
dxc4 9. a4 Nbd7 10. a5 Nd5 11. e4 Nb4 12. Qe2 b5 13. axb6 Nxb6 14. Be3 a5 15.
Rfd1 Bb7 16. Ne5 Bd6 17. Nxc4 Nxc4 18. Qxc4 Nc2 19. e5 Nxa1 20. exd6 Nc2 21. Bf4
Nb4 22. Ne4 Ba6 23. Qc1 Be2 24. Rd2 Nd3 25. Rxd3 Bxd3 26. Nc5 Bf5 27. d7 Qb6 28.
h3 Rfd8 29. g4 Bg6 30. h4 f6 31. h5 Bf7 32. h6 Ra7 33. hxg7 Raxd7 34. Ne4 Qxd4
35. Bh6 Qxe4 0-1

[Event "46th Rilton Cup 2016-17"]
[Site "Stockholm SWE"]
[Date "2017.01.05"]
[Round "9.8"]
[White "Akesson, Ralf"]
[Black "Kravtsiv, Martyn"]
[Result "0-1"]
[WhiteTitle "GM"]
[BlackTitle "GM"]
[WhiteElo "2417"]
[BlackElo "2645"]
[WhiteFideId "1700120"]
[BlackFideId "14113147"]
[EventDate "2016.12.27"]

1. d4 Nf6 2. c4 e6 3. Nc3 Bb4 4. Qc2 O-O 5. Nf3 d5 6. a3 Bxc3+ 7. Qxc3 Nbd7 8.
cxd5 exd5 9. Bg5 h6 10. Bxf6 Nxf6 11. e3 Bf5 12. Be2 c6 13. O-O Ne4 14. Qc1 Bg4
15. Qc2 Bxf3 16. Bxf3 Nd6 17. Be2 a5 18. Bd3 a4 19. Rae1 Qd7 20. f3 f5 21. Qf2
b5 22. Re2 Rae8 23. Rfe1 Re6 24. Qg3 Qe7 25. h4 Qf6 26. h5 Nf7 27. Qf4 Ng5 28.
Kh2 Ree8 29. Rh1 Ne6 30. Qd6 f4 31. exf4 Nxd4 32. Qxf6 gxf6 33. Rxe8 Rxe8 34.
Rd1 Re7 35. Kg3 Kf8 36. Kf2 c5 37. g4 Rb7 38. Kg3 b4 39. g5 Kg7 40. Kg4 bxa3 41.
bxa3 Rb2 42. Rc1 fxg5 43. fxg5 Rg2+ 44. Kh3 Rxg5 45. f4 Rxh5+ 46. Kg4 Rh2 47.
Rxc5 Rg2+ 48. Kh4 Rd2 49. Bb5 Ne6 50. Rc6 Nxf4 51. Bxa4 Ng6+ 52. Kg3 Rd3+ 53.
Kf2 Rxa3 54. Bc2 Ne7 55. Rc7 Kf6 56. Bd1 Nf5 57. Bg4 Ra2+ 58. Kf3 Kg5 59. Bxf5
Kxf5 60. Ke3 h5 61. Rh7 Ra3+ 62. Kd4 h4 63. Kxd5 h3 64. Kd4 Kf4 65. Rh8 Kg3 66.
Ke4 h2 0-1

[Event "46th Rilton Cup 2016-17"]
[Site "Stockholm SWE"]
[Date "2017.01.05"]
[Round "9.9"]
[White "Bluebaum, Matthias"]
[Black "Cruz Lledo, Pablo"]
[Result "1-0"]
[WhiteTitle "GM"]
[BlackTitle "FM"]
[WhiteElo "2640"]
[BlackElo "2415"]
[WhiteFideId "24651516"]
[BlackFideId "2297361"]
[EventDate "2016.12.27"]

1. Nf3 d5 2. g3 Nf6 3. Bg2 c6 4. O-O Bg4 5. h3 Bh5 6. c4 e6 7. d4 Nbd7 8. cxd5
exd5 9. Qb3 Nb6 10. Nc3 Be7 11. Ne5 Nfd7 12. Nd3 O-O 13. a4 a5 14. Nf4 Bg6 15.
Nxg6 hxg6 16. e4 dxe4 17. Nxe4 Nd5 18. Qxb7 Nb4 19. Bf4 Nf6 20. Nxf6+ Bxf6 21.
Rad1 Bxd4 22. Bxc6 Ra7 23. Qxa7 Bxa7 24. Rxd8 Rxd8 25. Bb5 Bb6 26. Re1 Nd3 27.
Bxd3 Rxd3 28. Re8+ Kh7 29. Rb8 Bc5 30. Rb5 Bb4 31. Kg2 f6 32. h4 Kg8 33. Bc7 Rd2
34. Kf3 Rc2 35. Bb6 Kf7 36. Ke4 Be1 37. Kd3 Rd2+ 38. Ke3 Rc2 39. Kd3 Rd2+ 40.
Ke3 Rc2 41. Bxa5 Bxa5 42. Rxa5 Rxb2 43. Ra7+ Kg8 44. a5 Ra2 45. a6 f5 46. f4 Ra4
47. Kd3 Ra3+ 48. Kc4 Rxg3 49. Rd7 Ra3 50. a7 Kh7 51. Kb5 Ra1 52. Kb6 Kh6 53. Kb7
Rb1+ 54. Kc8 Ra1 55. Kb8 Kh5 56. Rxg7 Rb1+ 57. Rb7 Re1 58. Rb6 Re8+ 59. Kb7 Re7+
60. Ka6 Re8 61. Rb8 Re1 62. a8=Q Ra1+ 63. Kb5 Rxa8 64. Rxa8 Kxh4 65. Kc4 Kg4 66.
Kd3 Kxf4 67. Ke2 g5 68. Kf2 g4 69. Ra4+ 1-0

[Event "46th Rilton Cup 2016-17"]
[Site "Stockholm SWE"]
[Date "2017.01.05"]
[Round "9.10"]
[White "Grafl, Florian"]
[Black "Neiksans, Arturs"]
[Result "0-1"]
[WhiteTitle "IM"]
[BlackTitle "GM"]
[WhiteElo "2394"]
[BlackElo "2631"]
[WhiteFideId "4645715"]
[BlackFideId "11601388"]
[EventDate "2016.12.27"]

1. Nc3 c5 2. e4 Nc6 3. Nf3 e6 4. d4 cxd4 5. Nxd4 Qc7 6. Qd3 Nf6 7. Ndb5 Qb8 8.
Qg3 d6 9. Be3 a6 10. Nd4 Bd7 11. Be2 Be7 12. f4 O-O 13. Bf3 Qc7 14. O-O Na5 15.
e5 Ne8 16. Nf5 Bc6 17. Nxe7+ Qxe7 18. exd6 Nxd6 19. Bc5 Bxf3 20. Qxf3 Qc7 21.
Qf2 Nac4 22. b3 Rfc8 23. Bd4 Na3 24. Rad1 Nf5 25. Be5 Qe7 26. g4 f6 27. gxf5
fxe5 28. Rd3 e4 29. Nxe4 Rxc2 30. f6 gxf6 31. Rd7 Qxd7 32. Nxf6+ Kf7 33. Nxd7
Rxf2 34. Rxf2 Rc8 35. Kg2 Ke7 36. Ne5 Kf6 37. Kf3 Kf5 38. Ng4 Nb5 39. Rd2 Rc3+
40. Ne3+ Kf6 41. Rd7 Rc7 42. Rd2 h5 43. Nc4 Nc3 44. Nd6 Ke7 45. Ne4 Nxe4 46.
Kxe4 Kf6 47. Rg2 Rc1 48. Rg5 Rc2 49. Rxh5 Re2+ 50. Kf3 Rxa2 51. Rh7 b5 52. Ra7
Rxh2 53. Rxa6 Rh3+ 54. Ke4 Rxb3 55. Ra8 Rb1 56. Rb8 b4 57. Rb5 b3 58. Kd3 Rh1
59. Ke4 Rh3 60. Rb6 Ke7 61. f5 exf5+ 62. Kxf5 Kd7 63. Ke5 Kc7 64. Rb4 Kc6 65.
Rb8 Kc5 66. Rc8+ Kb4 67. Kd4 Ka3 68. Kc4 Ka2 69. Ra8+ Kb1 70. Rg8 b2 71. Rg7 Ka2 0-1

[Event "46th Rilton Cup 2016-17"]
[Site "Stockholm SWE"]
[Date "2017.01.05"]
[Round "9.11"]
[White "Postny, Evgeny"]
[Black "Sankalp, Gupta"]
[Result "1-0"]
[WhiteTitle "GM"]
[WhiteElo "2620"]
[BlackElo "2093"]
[WhiteFideId "2804344"]
[BlackFideId "5097010"]
[EventDate "2016.12.27"]

1. Nf3 Nf6 2. c4 c6 3. d4 g6 4. Nc3 d5 5. cxd5 cxd5 6. Bf4 Nc6 7. e3 Bg7 8. h3
O-O 9. Bd3 Qb6 10. a3 Bf5 11. Bxf5 gxf5 12. Qc2 Rfc8 13. g4 Ne4 14. gxf5 Na5 15.
Rg1 Kh8 16. Ng5 Nxg5 17. Bxg5 Nc4 18. Bxe7 Re8 19. f6 Bh6 20. Nxd5 Qa5+ 21. Nb4
Rac8 22. Qe2 1-0

[Event "46th Rilton Cup 2016-17"]
[Site "Stockholm SWE"]
[Date "2017.01.05"]
[Round "9.12"]
[White "Blomqvist, Erik"]
[Black "Krishna, C R G"]
[Result "0-1"]
[WhiteTitle "GM"]
[BlackTitle "IM"]
[WhiteElo "2567"]
[BlackElo "2390"]
[WhiteFideId "1709437"]
[BlackFideId "5018625"]
[EventDate "2016.12.27"]

1. d4 d5 2. c4 c6 3. Nf3 Nf6 4. e3 Bf5 5. Nc3 a6 6. Ne5 Nbd7 7. Qb3 Qc7 8. cxd5
Nxe5 9. dxe5 Nxd5 10. Nxd5 cxd5 11. Bd2 e6 12. Rc1 Qd7 13. Be2 Be7 14. Ba5 Rc8
15. Rxc8+ Qxc8 16. Kd2 O-O 17. Rc1 Qa8 18. Qc3 h6 19. a3 Qa7 20. f4 Be4 21. g3
Re8 22. h4 Rf8 23. h5 Re8 24. Qb3 Bc5 25. Bb4 Bb6 26. Bd6 d4 27. Bd3 dxe3+ 28.
Ke2 Bxd3+ 29. Qxd3 Qa8 30. Qb3 Bd4 31. Qb4 Ba7 32. Qc4 Rd8 33. Rc2 Rd7 34. Qe4
Qe8 35. g4 Rd8 36. Qxb7 Qa4 37. b3 Qxf4 38. Qxa7 Qh2+ 39. Kd3 Qxe5 40. Qxe3
Rxd6+ 41. Ke2 Qh2+ 42. Qf2 Qh1 0-1